अलख निरंजन / (Record no. 49580)

MARC details
000 -LEADER
fixed length control field 01473nam a22002777a 4500
005 - DATE AND TIME OF LATEST TRANSACTION
control field 20101206113148.0
008 - FIXED-LENGTH DATA ELEMENTS--GENERAL INFORMATION
fixed length control field 101206t xxu||||| |||| 00| 0 hin d
010 ## - LCCN (DPL NO)
LC control number HIN-91411
020 ## - INTERNATIONAL STANDARD BOOK NUMBER
Terms of availability 300.00
International Standard Book Number 9788128828614
035 ## - SYSTEM CONTROL NUMBER
System control number HN-63757
037 ## - SOURCE OF ACQUISITION
Source of stock number/acquisition DBAD/PUB
040 ## - CATALOGING SOURCE
Original cataloging agency DPL
Language of cataloging HN
082 ## - DEWEY DECIMAL CLASSIFICATION NUMBER
Classification number 821
100 ## - MAIN ENTRY--PERSONAL NAME
9 (RLIN) 24598
Personal name कवि 'शुष्क'
245 ## - TITLE STATEMENT
Title अलख निरंजन /
Statement of responsibility, etc कवि 'शुष्क'
246 ## - VARYING FORM OF TITLE
Title proper/short title Alakh Niranjan
Remainder of title by Kavi Shusk
260 ## - PUBLICATION, DISTRIBUTION, ETC. (IMPRINT)
Place of publication, distribution, etc नई दिल्ली
Name of publisher, distributor, etc डायमंड पॉकेट बुक्स
Date of publication, distribution, etc 2010
270 ## - ADDRESS
City नई दिल्ली
Address X-30, ओखला इंडस्ट्रियल एरिया, फेज-11
Postal code 110020
Telephone number 011- 41611861
Fax number 011- 41611866
Electronic mail address sales@dpb.in
300 ## - PHYSICAL DESCRIPTION
Extent 192पृ.
Dimensions 22सेमी (सजिल्द)
500 ## - GENERAL NOTE
General note तीखे-तीखे व्यंग्य एवं मर्मस्पर्शी चित्रणों से भरेः 1700 धारदार दोहों का तुफान !गाँव-कस्बे-देश-परदेश के परिवेश से जुड़ी तमाम असंगतियों की दास्तान
650 ## - SUBJECT ADDED ENTRY--TOPICAL TERM
9 (RLIN) 1169
700 ## - ADDED ENTRY--PERSONAL NAME
9 (RLIN) 24599
700 ## - ADDED ENTRY--PERSONAL NAME
9 (RLIN) 24924
942 ## - ADDED ENTRY ELEMENTS (KOHA)
Source of classification or shelving scheme Dewey Decimal Classification
Item type Hindi Books
Call number suffix कविशु
Holdings
Withdrawn status Lost status Source of classification or shelving scheme Damaged status Not for loan Collection code Home library Current library Date acquired Source of acquisition Cost, normal purchase price Total Checkouts Full call number Barcode Date last seen Copy number Cost, replacement price Koha item type
    Dewey Decimal Classification   Not For Loan Non-fiction D.B.Act.Division D.B.Act.Division 28/12/2010 DBAD /PUB 300.00   821कविशु HN-63757 28/12/2010 1 300.00 Hindi Books

© Delhi Public Library
Hit Counter
free hit counter